Indiana schooling for the twenty-first century : Executive summary
| Formato: | Libro |
|---|---|
| Publicado: |
Indiana, Estados Unidos :
The Indiana Department of Education,
1987
|
| Subjects: |
MARC
| LEADER | 00000nam a2200000Ia 4500 | ||
|---|---|---|---|
| 008 | 180307b1987 u ||||| |||| 00| | e d | ||
| 999 | |c 1627 |d 1627 | ||
| 090 | |a 06.02.03 |b 679 | ||
| 245 | 1 | 0 | |a Indiana schooling for the twenty-first century : Executive summary |
| 260 | |a Indiana, Estados Unidos : |b The Indiana Department of Education, |c 1987 | ||
| 300 | |a 21 páginas | ||
| 650 | 1 | 4 | |a DESARROLLO DE LA EDUCACIÓN |9 24 |
| 650 | 1 | 4 | |a PLANIFICACIÓN DE LA EDUCACIÓN |9 124 |
| 942 | |i 001103 |h 06.02.03 679 |2 z |c 01 | ||
